| 000 | 01579nam a2200325 c 4500 | ||
|---|---|---|---|
| 999 |
_c204697 _d204697 |
||
| 003 | BLK | ||
| 005 | 20190114083110.0 | ||
| 008 | 180411b bul|||||r ||||||| ||bul|| | ||
| 010 | _aKNG00214264000 | ||
| 020 | _a978-619-02-0025-3 | ||
| 040 | _aBLK | ||
| 041 |
_aBUL _cBUL |
||
| 072 | 7 |
_2bullib _aН84 _xБългарска художествена литература Н |
|
| 080 |
_aБългарска литература _b821.163.2 _x-31 _z821.163.2-31 |
||
| 100 | 1 |
_aТодоров, Владислав Тодоров _eпърви автор _qКултуролог. Защитил е две докторски дисертации: едната по изкуствознание към БАН, през 1987 г., и, през 1996-а, една в Пенсилванския университет, където понастоящем преподава културна история на Русия и Източна Европа. _9263812 |
|
| 139 |
_aТодоров, Владислав Тодоров _bТ 64 |
||
| 245 | 1 | 0 |
_aДзифт _bЧерен роман _cВладислав Тодоров Тодоров. |
| 250 | _a2. прераб. изд. | ||
| 257 | _aBGR | ||
| 260 |
_bКолибри _c2017 _fСофия : Инвестпрес |
||
| 300 |
_a173 с. _c20 см |
||
| 380 | _aX | ||
| 500 | _a1. изд. 2006 | ||
| 659 | _aН | ||
| 852 | _aЦб 288122 | ||
| 856 | 4 | _qpdf | |
| 856 | 4 | _qpdf | |
| 942 |
_cKNG _n0 _02 |
||
| 944 |
_aCR _c16.11.2017 _kВиолета_Тройчева |
||
| 944 |
_aED _c15.01.2018 _kСимона_Петрова |
||
| 999 | _d204697 | ||